[Event "London Classic Open 2018"]
[Site "London ENG"]
[Date "2018.12.13"]
[Round "5.97"]
[White "Hizarci, Bora"]
[Black "Liu, Cheng"]
[Result "1/2-1/2"]
[WhiteElo "1453"]
[BlackElo "1840"]
[WhiteFideId "457698"]
[BlackFideId "331059692"]
[EventDate "2018.12.09"]

1. d4 Nf6 2. c4 e6 3. Nc3 d5 4. cxd5 exd5 5. Bg5 Be7 6. e3 c6 7. Bd3 Be6 8. Nf3
Qa5 9. O-O Nbd7 10. a3 h6 11. Bxf6 Bxf6 12. b4 Qd8 13. Qb3 a6 14. Rac1 O-O 15.
Na4 Be7 16. Nc5 Rb8 17. Nxd7 Bxd7 18. Ne5 Bd6 19. Nxd7 Qxd7 20. Qc2 f5 21. Rb1
g6 22. a4 b5 23. Rfc1 Rfc8 24. axb5 axb5 25. Qc3 Rb6 26. Ra1 Qe7 27. Rcb1 Kg7
28. Ra5 Qd7 29. Rc1 Rcb8 30. Rca1 Qe7 31. Ra7 R8b7 32. Rxb7 Qxb7 33. h3 Qe7 34.
Rb1 Ra6 35. Bc2 Kf7 36. Bd1 Qb7 37. Bc2 Qa8 38. Kf1 Ra3 39. Qe1 Qf8 40. Kg1 Ke6
41. Kf1 Kd7 42. Kg1 Ra2 43. Qc3 Qa8 44. Kf1 Ra3 45. Qe1 Qf8 46. Kg1 g5 47. Qd2
g4 48. hxg4 fxg4 49. g3 h5 50. Bd1 Qf5 51. Bc2 Qg5 52. Bd1 Kc7 53. Qb2 Ra6 54.
Qe2 Ra3 55. Qb2 Ra8 56. Qc3 Kb6 57. Rc1 Rc8 58. Qa3 Bb8 59. Qa5+ Kb7 60. Ra1 Qd8
61. Qa6+ Kc7 62. Rc1 Qd6 63. Qxb5 Kd7 64. Qb7+ Qc7 65. Qa6 Qa7 66. Qd3 Kc7 67.
b5 Kb6 68. Qb3 Qa5 69. bxc6+ Qb5 70. Rb1 Qxb3 71. Rxb3+ Kc7 72. Rc3 Kd6 73. Bc2
Bc7 74. Kf1 Rf8 75. Ke2 Rb8 76. Bg6 Rh8 77. Kd3 Rh6 78. Bf5 Rf6 79. e4 dxe4+ 80.
Kxe4 Bb6 81. Bd7 Rxf2 82. Rb3 Bc7 83. d5 Re2+ 84. Kd3 Rg2 85. Kd4 Rd2+ 86. Rd3
Rxd3+ 87. Kxd3 Kxd5 88. Be8 Bxg3 1/2-1/2

[Event "London Classic Open 2018"]
[Site "London ENG"]
[Date "2018.12.13"]
[Round "5.100"]
[White "Islam, Mohammed"]
[Black "Haddock, Paul"]
[Result "1-0"]
[WhiteElo "1725"]
[BlackElo "1558"]
[WhiteFideId "10211870"]
[BlackFideId "419150"]
[EventDate "2018.12.09"]

1. c4 f5 2. d4 Nf6 3. Nf3 e6 4. e3 b6 5. Be2 Bb7 6. O-O Be7 7. Nbd2 O-O 8. b3 d6
9. Bb2 Nbd7 10. Ng5 Qc8 11. Nxe6 Rf7 12. Nf3 Ne4 13. d5 Ndf6 14. Nfd4 g6 15. b4
Ne8 16. f3 Ng5 17. e4 Nxe6 18. Nxe6 Bf6 19. Bxf6 Rxf6 20. Bd3 Ng7 21. exf5 gxf5
22. Nxg7 Kxg7 23. Re1 Qf8 24. Qc2 Bc8 25. f4 Bd7 26. Re3 Re8 27. Rae1 Rxe3 28.
Rxe3 Rf7 29. Qe2 Kh8 30. Qb2+ Qg7 31. Qxg7+ Kxg7 32. Bc2 Bc8 33. Bd1 Kf8 34. Kf2
Re7 35. Bc2 Rxe3 36. Kxe3 Kf7 37. g4 fxg4 38. Bxh7 Kf6 39. Kf2 a5 40. a3 axb4
41. axb4 Ba6 42. Bd3 Bc8 43. Kg3 Bd7 44. Be2 Bf5 45. Bxg4 Bd3 46. Bf3 Bxc4 47.
Be4 Be2 48. h4 Bh5 49. Bf3 Bg6 50. Kg4 Bh7 51. Kh5 Bd3 52. Kg4 Bf5+ 53. Kg3 Bh7
54. Kf2 Bg6 55. Ke3 Bh7 56. Be4 Bg8 57. h5 Kg7 58. Kf3 Bf7 59. Kg4 Kh6 60. Kf5
Bxh5 61. Kf6 Be8 62. Ke7 Bb5 63. f5 1-0

[Event "London Classic Open 2018"]
[Site "London ENG"]
[Date "2018.12.13"]
[Round "5.101"]
[White "Saidmurodov, Shahjahon"]
[Black "Mohnblatt, Daniel"]
[Result "1-0"]
[WhiteElo "1549"]
[BlackElo "1749"]
[WhiteFideId "448150"]
[BlackFideId "648582"]
[EventDate "2018.12.09"]

1. d4 Nf6 2. Bf4 e6 3. e3 c5 4. c3 b6 5. Nd2 d5 6. Ngf3 Be7 7. Bd3 O-O 8. Ne5
Ba6 9. Bxa6 Nxa6 10. Ndf3 Rc8 11. Qa4 Nb8 12. Qxa7 Nbd7 13. Qa4 Nxe5 14. Nxe5
Kh8 15. O-O Nh5 16. Bg3 f6 17. Nd3 Nxg3 18. fxg3 Qc7 19. Qd1 e5 20. dxe5 fxe5
21. Qh5 Bf6 22. Rad1 d4 23. exd4 exd4 24. Nf4 Qf7 25. Qxf7 Rxf7 26. Nh5 dxc3 27.
bxc3 Rc6 28. Rd8+ Bxd8 29. Rxf7 Kg8 30. Rxg7+ Kh8 31. Rd7 Rc8 32. h4 Bc7 33. Nf6 1-0

[Event "London Classic Open 2018"]
[Site "London ENG"]
[Date "2018.12.13"]
[Round "5.102"]
[White "Ellis, Bryan Timothy"]
[Black "Vignati, Massimo"]
[Result "0-1"]
[WhiteElo "1263"]
[BlackElo "1710"]
[WhiteFideId "30948550"]
[BlackFideId "851337"]
[EventDate "2018.12.09"]

1. d4 Nf6 2. Nf3 d5 3. e3 Bf5 4. c4 e6 5. Qb3 b6 6. Nc3 c5 7. cxd5 exd5 8. Bb5+
Bd7 9. dxc5 Bxc5 10. O-O O-O 11. Bd3 Be6 12. Qc2 h6 13. a3 Nbd7 14. b4 Bd6 15.
Nd4 Rc8 16. f4 Ne4 17. Bd2 Ndf6 18. Nxe6 fxe6 19. Qb2 Nxd2 20. Qxd2 Bb8 21. Rf3
Qe7 22. Rh3 e5 23. Bf5 Rcd8 24. Rf1 exf4 25. exf4 d4 26. Nd1 Nd5 27. Qxd4 Rxf5 0-1

[Event "London Classic Open 2018"]
[Site "London ENG"]
[Date "2018.12.13"]
[Round "5.103"]
[White "Saravanan, Aadarsh"]
[Black "Kupka, Kajetan"]
[Result "1-0"]
[WhiteElo "1709"]
[BlackElo "1818"]
[WhiteFideId "440078"]
[BlackFideId "1134272"]
[EventDate "2018.12.09"]

1. d4 Nf6 2. c4 g6 3. Nc3 Bg7 4. e4 d6 5. f3 Nc6 6. Be3 e5 7. d5 Ne7 8. Bd3 Nh5
9. Nge2 O-O 10. g4 Nf6 11. Qd2 a5 12. O-O-O Rb8 13. Ng3 Bd7 14. h4 h5 15. gxh5
Nxh5 16. Nxh5 gxh5 17. Bg5 1-0

[Event "London Classic Open 2018"]
[Site "London ENG"]
[Date "2018.12.13"]
[Round "5.105"]
[White "Buselli, Daniel"]
[Black "Nergard, Ole-Kristian"]
[Result "1-0"]
[WhiteElo "1552"]
[BlackElo "1630"]
[WhiteFideId "515728"]
[BlackFideId "1543156"]
[EventDate "2018.12.09"]

1. e4 c5 2. Nf3 d6 3. d4 cxd4 4. Nxd4 Nf6 5. Nc3 g6 6. Be3 Bg7 7. f3 O-O 8. Qd2
Nc6 9. O-O-O d5 10. Qe1 e6 11. Kb1 Bd7 12. Bg5 Qb6 13. e5 Ne8 14. Nxc6 Qxc6 15.
Be7 a6 16. h4 f6 17. Bxf8 Kxf8 18. f4 b5 19. h5 b4 20. Na4 Qxa4 21. hxg6 hxg6
22. Qg3 Kf7 23. Bd3 f5 24. Qg5 Bb5 25. Rh7 Rc8 26. b3 Qa5 27. Rdh1 Bxd3 28. R1h6
Bxc2+ 29. Ka1 Qb6 30. Rxg7+ Nxg7 31. Qxg6+ Kg8 32. Qh7+ Kf7 33. Rf6+ Ke8 34.
Qg8+ Kd7 35. Qxg7+ Kc6 36. Rxe6+ Kb5 37. Rxb6+ Kxb6 38. Qe7 Ka5 39. Qd7 Rc5 40.
Qd8+ Kb5 41. a4+ bxa3 42. Qb8+ Kc6 43. e6 Be4 44. e7 Rc1+ 45. Ka2 1-0

[Event "London Classic Open 2018"]
[Site "London ENG"]
[Date "2018.12.14"]
[Round "6.1"]
[White "Pert, Nicholas"]
[Black "Moussard, Jules"]
[Result "1/2-1/2"]
[WhiteTitle "GM"]
[BlackTitle "GM"]
[WhiteElo "2546"]
[BlackElo "2591"]
[WhiteFideId "403989"]
[BlackFideId "642908"]
[EventDate "2018.12.09"]

1. d4 Nf6 2. Nf3 g6 3. g3 Bg7 4. Bg2 O-O 5. O-O d6 6. Nc3 Nbd7 7. a4 c6 8. e4
Qc7 9. b3 e5 10. Ba3 exd4 11. Nxd4 Re8 12. Re1 Nc5 13. Qd2 Bd7 14. Rad1 Rad8 15.
h3 Qc8 16. g4 h5 17. f3 hxg4 18. hxg4 Ne6 19. Nce2 Nxd4 20. Nxd4 d5 21. e5 Nh7
22. Bd6 f6 23. exf6 Bxf6 24. Bg3 Rxe1+ 25. Rxe1 Re8 26. c3 1/2-1/2

[Event "London Classic Open 2018"]
[Site "London ENG"]
[Date "2018.12.14"]
[Round "6.2"]
[White "Yuffa, Daniil"]
[Black "Megalios, Konstantinos"]
[Result "1-0"]
[WhiteTitle "GM"]
[WhiteElo "2572"]
[BlackElo "2365"]
[WhiteFideId "24131423"]
[BlackFideId "4238044"]
[EventDate "2018.12.09"]

1. d4 Nf6 2. c4 e6 3. g3 Bb4+ 4. Bd2 a5 5. Bg2 d6 6. e3 Bxd2+ 7. Qxd2 O-O 8. Nc3
c6 9. Nge2 b6 10. e4 Ba6 11. b3 e5 12. a4 Nbd7 13. f4 Rb8 14. O-O b5 15. axb5
cxb5 16. b4 axb4 17. Rxa6 bxc3 18. Nxc3 b4 19. Nb5 Qc8 20. Rxd6 Qxc4 21. fxe5
Qxb5 22. exf6 Nxf6 23. e5 Ne8 24. Rc6 g6 25. Qf2 b3 26. e6 b2 27. exf7+ Kg7 28.
Be4 b1=Q 29. fxe8=N+ Rbxe8 30. Rc7+ Kg8 31. Rxb1 Qa5 32. Rc5 Qxc5 33. Qa2+ 1-0

[Event "London Classic Open 2018"]
[Site "London ENG"]
[Date "2018.12.14"]
[Round "6.3"]
[White "Akash Pc, Iyer"]
[Black "Gumularz, Szymon"]
[Result "0-1"]
[WhiteTitle "IM"]
[BlackTitle "IM"]
[WhiteElo "2441"]
[BlackElo "2462"]
[WhiteFideId "5006775"]
[BlackFideId "1188062"]
[EventDate "2018.12.09"]

1. d4 Nf6 2. c4 e6 3. Nc3 Bb4 4. e3 b6 5. Bd3 Bb7 6. Ne2 Bxg2 7. Rg1 Bf3 8. Qc2
g6 9. Rg3 Bxe2 10. Bxe2 O-O 11. e4 d5 12. Bg5 dxe4 13. O-O-O Be7 14. Be3 c5 15.
dxc5 Qc8 16. Nxe4 Nc6 17. Nd6 Qa6 18. Bh6 Nb4 19. Qb3 bxc5 20. Nb5 Rfd8 21. a3
Rxd1+ 22. Bxd1 Rd8 23. Be2 Nc6 24. Rd3 Qb6 25. Rxd8+ Bxd8 26. Qf3 a6 27. Nc3 Nd7
28. Qe4 Bf6 29. Na4 Qc7 30. Bf4 Be5 31. Bh6 f5 32. Qe3 Nd4 33. Bd1 Bg7 34. Bf4
Be5 35. Bh6 Qd6 36. Qg5 Bf6 37. Qg2 Qc6 38. Qxc6 Nxc6 39. Be3 Bd4 40. Bf3 Bxe3+
41. fxe3 Nce5 42. Be2 a5 43. Kc2 Kf7 44. Kc3 Ke7 45. b4 axb4+ 46. axb4 Kd6 47.
Kb3 Nc6 48. b5 Nce5 49. Nc3 Nb6 50. Nd1 g5 51. Nf2 g4 52. Kc3 h5 53. Kb3 Ke7 54.
Kc3 Kf6 55. Kb3 Kg5 56. Kc3 Kh4 57. Bf1 Ned7 58. Nh1 e5 59. Ng3 Kg5 60. e4 f4
61. Nf5 Nf6 62. Kd3 h4 63. Nd6 Nfd7 64. h3 g3 65. Bg2 Nf8 66. Nf7+ Kf6 67. Nh6
Ng6 68. Bf3 Ne7 69. Ng4+ Ke6 70. Nh6 Nec8 71. Nf5 Nd6 72. Nxh4 Ndxc4 73. Nf5 Nd6
74. Nxd6 Kxd6 75. h4 Ke6 76. Kc3 Kf6 77. Kd3 Kg6 78. Ke2 c4 79. Kd2 g2 80. Bxg2
Kh5 0-1

[Event "London Classic Open 2018"]
[Site "London ENG"]
[Date "2018.12.14"]
[Round "6.4"]
[White "Melkumyan, Hrant"]
[Black "Piesik, Piotr"]
[Result "1/2-1/2"]
[WhiteTitle "GM"]
[BlackTitle "FM"]
[WhiteElo "2670"]
[BlackElo "2404"]
[WhiteFideId "13302485"]
[BlackFideId "1136194"]
[EventDate "2018.12.09"]

1. Nf3 Nf6 2. c4 e6 3. g3 b6 4. Bg2 Bb7 5. O-O c5 6. Nc3 Be7 7. Re1 d5 8. cxd5
exd5 9. d4 Nbd7 10. Bf4 O-O 11. Rc1 Ne4 12. Qb3 c4 13. Qc2 Ndf6 14. Ne5 Nd6 15.
Bg5 Nfe4 16. Bxe7 Qxe7 17. e3 f6 18. Nf3 b5 19. Nd2 Rac8 20. a3 Rc7 21. Ndxe4
dxe4 22. b4 f5 23. a4 a6 24. Ra1 Bc6 25. axb5 axb5 26. Ra6 Ra8 27. Rxa8+ Bxa8
28. Ra1 Bc6 29. Ra6 Rc8 30. Qa2 Ne8 31. Bh3 g6 32. Qa5 Qc7 33. Qa1 Nd6 34. Bf1
Bb7 35. Ra5 Qc6 36. h4 h5 37. Be2 Kh7 38. Kf1 Qe8 39. Ra7 Ra8 40. Qa5 Rxa7 41.
Qxa7 Qc6 42. Qc5 Qd7 43. Qe5 Bc6 44. Bd1 Nc8 45. Qf6 Nb6 46. f3 Nd5 47. Nxd5
Bxd5 48. fxe4 Bxe4 49. Qe5 Qb7 50. Ke1 Qd7 51. Qc5 Qb7 52. Kd2 Qa6 53. Qe7+ Kg8
54. Qe8+ Kg7 55. Qe5+ Kg8 56. d5 Qa3 57. Qe6+ Kg7 58. Qe7+ Kg8 59. Qd8+ Kg7 60.
Qc7+ Kg8 61. Qd8+ Kg7 62. Qe7+ 1/2-1/2

[Event "London Classic Open 2018"]
[Site "London ENG"]
[Date "2018.12.14"]
[Round "6.5"]
[White "Cornette, Matthieu"]
[Black "Hebden, Mark L"]
[Result "1/2-1/2"]
[WhiteTitle "GM"]
[BlackTitle "GM"]
[WhiteElo "2597"]
[BlackElo "2425"]
[WhiteFideId "620084"]
[BlackFideId "400084"]
[EventDate "2018.12.09"]

1. d4 Nf6 2. c4 g6 3. g3 Bg7 4. Bg2 O-O 5. Nc3 d6 6. Nf3 Nbd7 7. O-O e5 8. e4 c6
9. Be3 exd4 10. Nxd4 Re8 11. b3 h5 12. Qd2 h4 13. f3 hxg3 14. hxg3 d5 15. exd5
cxd5 16. cxd5 Nb6 17. Bf2 Nbxd5 18. Nxd5 1/2-1/2

[Event "London Classic Open 2018"]
[Site "London ENG"]
[Date "2018.12.14"]
[Round "6.6"]
[White "McDonald, Neil"]
[Black "Hillarp Persson, Tiger"]
[Result "1-0"]
[WhiteTitle "GM"]
[BlackTitle "GM"]
[WhiteElo "2403"]
[BlackElo "2546"]
[WhiteFideId "400629"]
[BlackFideId "1700812"]
[EventDate "2018.12.09"]

1. e4 c6 2. d4 d5 3. Nd2 dxe4 4. Nxe4 Bf5 5. Ng3 Bg6 6. h4 h6 7. Nf3 Nd7 8. h5
Bh7 9. Bd3 Bxd3 10. Qxd3 e6 11. Bd2 Ngf6 12. O-O-O Be7 13. Qe2 O-O 14. Nf1 Nb6
15. g4 Qd5 16. Kb1 Qb5 17. Qxb5 cxb5 18. Ne5 Rfd8 19. Ba5 Ne4 20. Rh2 Bg5 21. f3
Nf6 22. Re2 Nfd5 23. Nd3 Rdc8 24. Bxb6 axb6 25. Re4 Ra4 26. f4 Be7 27. Nc1 Bd6
28. f5 Nf6 29. Re2 exf5 30. gxf5 Nxh5 31. c3 b4 32. c4 Ra5 33. d5 Raa8 34. b3
Re8 35. Rde1 Rxe2 36. Rxe2 Kf8 37. Nd3 Re8 38. Rxe8+ Kxe8 39. Nf2 Ke7 40. Kc2 1-0

[Event "London Classic Open 2018"]
[Site "London ENG"]
[Date "2018.12.14"]
[Round "6.7"]
[White "Ghasi, Ameet K"]
[Black "Lewtak, Damian"]
[Result "1-0"]
[WhiteTitle "IM"]
[WhiteElo "2498"]
[BlackElo "2393"]
[WhiteFideId "409200"]
[BlackFideId "1141724"]
[EventDate "2018.12.09"]

1. Nf3 d5 2. g3 Nf6 3. Bg2 e6 4. O-O Be7 5. d3 O-O 6. Nbd2 c5 7. e4 Nc6 8. Re1
b5 9. e5 Nd7 10. h4 Qc7 11. Qe2 Bb7 12. Nf1 Rfc8 13. Bf4 Bf8 14. N1h2 a5 15. h5
h6 16. g4 Ne7 17. g5 Nf5 18. Bh3 d4 19. Qd2 Qc6 20. Bg2 Qb6 21. Ng4 Kh7 22. Kh2
c4 23. Rg1 c3 24. bxc3 Rxc3 25. gxh6 gxh6 26. Nxd4 Nxd4 27. Qxc3 Bxg2 28. Rxg2
Bb4 29. Qb2 Rg8 30. c3 Nf3+ 31. Kg3 Nfxe5 32. Bxe5 Nxe5 33. Kh3 Qd8 34. cxb4
Rxg4 35. Rxg4 Nxg4 36. Kxg4 Qg5+ 37. Kf3 Qxh5+ 38. Ke3 Qg5+ 39. Ke2 Qg4+ 40. Kd2
Qf4+ 41. Ke1 a4 42. Rc1 Qf3 43. Qd4 1-0

[Event "London Classic Open 2018"]
[Site "London ENG"]
[Date "2018.12.14"]
[Round "6.8"]
[White "Cherniaev, Alexander"]
[Black "Gormally, Daniel W"]
[Result "0-1"]
[WhiteTitle "GM"]
[BlackTitle "GM"]
[WhiteElo "2393"]
[BlackElo "2478"]
[WhiteFideId "4117301"]
[BlackFideId "406465"]
[EventDate "2018.12.09"]

1. e4 e5 2. Nf3 Nf6 3. Nc3 Bb4 4. d3 O-O 5. g3 d5 6. exd5 e4 7. dxe4 Nxe4 8. Bd2
Bxc3 9. bxc3 Qxd5 10. Bg2 Nxd2 11. Qxd2 Re8+ 12. Kf1 Be6 13. Qxd5 Bxd5 14. Nd4
Bxg2+ 15. Kxg2 Nd7 16. Nb5 Re5 17. Rhd1 Nf6 18. Rab1 Rc5 19. Nxa7 b6 20. Nb5 g6
21. Rb2 Ra5 22. Rd8+ Kg7 23. Nd4 Rxc3 24. Ne2 Rc4 25. c3 Nd5 26. Rd7 Nf6 27. Rd8
Rca4 28. Nc1 Ra3 29. Rb3 R3a4 30. Rb2 Rd5 31. Rd2 Rxd8 32. Rxd8 Ra3 33. Rd3 Ne4
34. Re3 f5 35. c4 Rxe3 36. fxe3 Kf6 37. Nb3 Ke5 38. Kf3 Nc3 39. a3 Nb1 40. a4
Kd6 41. g4 fxg4+ 42. Kxg4 Na3 43. c5+ bxc5 44. Kg5 c4 45. Nc1 Nc2 46. e4 Ke5 47.
a5 Nb4 48. Kh6 Kxe4 49. Na2 Na6 50. Kxh7 Kd3 51. Kxg6 Kc2 0-1

[Event "London Classic Open 2018"]
[Site "London ENG"]
[Date "2018.12.14"]
[Round "6.9"]
[White "Janik, Igor"]
[Black "Wadsworth, Matthew J"]
[Result "1/2-1/2"]
[WhiteTitle "IM"]
[BlackTitle "FM"]
[WhiteElo "2476"]
[BlackElo "2364"]
[WhiteFideId "1159259"]
[BlackFideId "415804"]
[EventDate "2018.12.09"]

1. d4 Nf6 2. c4 c5 3. d5 e6 4. Nc3 exd5 5. cxd5 d6 6. Nf3 g6 7. Bf4 a6 8. a4 Bg7
9. h3 O-O 10. e3 Qe7 11. Be2 Nbd7 12. O-O Rb8 13. Nd2 Ne8 14. a5 f5 15. Nc4 g5
16. Bh2 f4 17. Qd2 Qf7 18. Ne4 Qg6 19. Bd3 Qh6 20. Rfe1 b5 21. axb6 Nxb6 22. Na5
Nd7 23. Nc6 Rxb2 24. Qc1 Ne5 25. Nxe5 Bxe5 26. exf4 gxf4 27. Nxc5 Qh4 28. Ne4
Bf5 29. Kh1 Rb3 30. Qd1 f3 31. g3 Qxh3 32. Bf1 Qg4 33. Ra4 Ra3 34. Rxa3 Bxe4 35.
Rxa6 Nf6 36. Qa4 Qf5 37. Kg1 h5 38. Ra8 h4 39. Rxf8+ Kxf8 40. Qa8+ Kg7 41. Qa7+
Kg6 42. Rxe4 Qxe4 43. Qa3 Kh6 44. Qd3 Bd4 45. Qd2+ Kh5 46. Bh3 Qb1+ 47. Bf1 Be5
48. gxh4 Qg6+ 49. Qg5+ Qxg5+ 50. hxg5 Nxd5 51. g6 Kxg6 52. Bxe5 dxe5 53. Bd3+ 1/2-1/2

[Event "London Classic Open 2018"]
[Site "London ENG"]
[Date "2018.12.14"]
[Round "6.10"]
[White "Arkell, Keith C"]
[Black "Fischer, Daniel"]
[Result "1-0"]
[WhiteTitle "GM"]
[BlackTitle "FM"]
[WhiteElo "2453"]
[BlackElo "2324"]
[WhiteFideId "400270"]
[BlackFideId "1328360"]
[EventDate "2018.12.09"]

1. d4 Nf6 2. Nf3 d5 3. c4 e6 4. cxd5 exd5 5. Nc3 Be7 6. Bg5 c6 7. Qc2 g6 8. Bxf6
Bxf6 9. e3 Bf5 10. Bd3 Bxd3 11. Qxd3 O-O 12. b4 a6 13. O-O Nd7 14. a4 Nb6 15.
Rfc1 Be7 16. Rab1 Bd6 17. Qd1 Re8 18. g3 Qe7 19. Qb3 Qe6 20. Re1 Qf5 21. Kg2 h5
22. Re2 Kg7 23. Qc2 Qxc2 24. Rxc2 Nc4 25. Re2 f5 26. b5 axb5 27. axb5 Ra3 28.
Rc1 Rea8 29. bxc6 bxc6 30. Rec2 Ra1 31. Rxa1 Rxa1 32. Ne2 Rb1 33. Nf4 Rb2 34.
Rxb2 Nxb2 35. Ne6+ Kf6 36. Nd8 c5 37. Nb7 cxd4 38. Nxd6 dxe3 39. Nb5 Nd1 40. Nc7
exf2 41. Nxd5+ Ke6 42. Nf4+ Kf6 43. h4 Nc3 44. Kxf2 Ne4+ 45. Kg2 Kg7 46. Ng5 Kf6
47. Nxe4+ fxe4 48. Nd5+ Ke5 49. Ne3 Kd4 50. Kf2 Kd3 51. Nf1 Kd4 52. Ke2 Ke5 53.
Ke3 Kf5 54. Nh2 Ke5 55. g4 hxg4 56. Nxg4+ Kf5 57. Nf2 g5 58. h5 Ke5 59. Ng4+ Kf5
60. h6 Kg6 61. Kxe4 1-0

[Event "London Classic Open 2018"]
[Site "London ENG"]
[Date "2018.12.14"]
[Round "6.11"]
[White "D'Costa, Lorin A R"]
[Black "Elsness, Frode"]
[Result "1-0"]
[WhiteTitle "IM"]
[BlackTitle "IM"]
[WhiteElo "2390"]
[BlackElo "2447"]
[WhiteFideId "409219"]
[BlackFideId "1501100"]
[EventDate "2018.12.09"]

1. d4 Nf6 2. Bf4 d5 3. e3 c5 4. dxc5 Nc6 5. Bb5 e6 6. b4 a5 7. c3 Bd7 8. Qb3
axb4 9. cxb4 Ne4 10. Ne2 Qf6 11. Nbc3 g5 12. Bg3 Bg7 13. Rc1 Nxg3 14. hxg3 O-O
15. Na4 Rad8 16. Nb6 Be8 17. a4 d4 18. exd4 Nxd4 19. Nxd4 Rxd4 20. O-O Bxb5 21.
axb5 Qf5 22. Rc4 Rd3 23. Qc2 Rfd8 24. c6 Qxb5 25. c7 Qxb6 26. c8=Q Rxc8 27.
Rxc8+ Rd8 28. Qc5 Bd4 29. Qxg5+ 1-0

[Event "London Classic Open 2018"]
[Site "London ENG"]
[Date "2018.12.14"]
[Round "6.12"]
[White "Hawkins, Jonathan"]
[Black "Sowray, Peter J"]
[Result "1-0"]
[WhiteTitle "GM"]
[BlackTitle "FM"]
[WhiteElo "2583"]
[BlackElo "2342"]
[WhiteFideId "412686"]
[BlackFideId "400971"]
[EventDate "2018.12.09"]

1. d4 d5 2. c4 e6 3. Nf3 Nf6 4. g3 Bb4+ 5. Nbd2 O-O 6. Bg2 b6 7. O-O Bb7 8. Ne5
Be7 9. b3 Nbd7 10. Bb2 c5 11. cxd5 exd5 12. dxc5 bxc5 13. Nxd7 Qxd7 14. e4 d4
15. Re1 Rfe8 16. Nc4 Bf8 17. f3 Rad8 18. Rc1 Qe6 19. Qd2 Nd7 20. Qa5 Nb6 21. Nd2
Rd7 22. Ba3 Rc8 23. Bxc5 Rdc7 24. Ba3 Rxc1 25. Rxc1 Rxc1+ 26. Bxc1 Qh6 27. f4
Qc6 28. Bb2 Qc2 29. Bxd4 Qd1+ 30. Kf2 Ba6 31. Bf3 Qc2 32. a4 Bd3 33. Qc3 Bc5 34.
Ke1 Nd7 35. Bd1 Qxc3 36. Bxc3 Nf6 37. Bf3 h5 38. h3 Be3 39. e5 Nd7 40. Bxh5 g5
41. fxg5 Bxg5 42. Be2 Bc2 43. Bd1 1-0

[Event "London Classic Open 2018"]
[Site "London ENG"]
[Date "2018.12.14"]
[Round "6.13"]
[White "Bradbury, Neil H"]
[Black "Istratescu, Andrei"]
[Result "0-1"]
[WhiteTitle "IM"]
[BlackTitle "GM"]
[WhiteElo "2336"]
[BlackElo "2564"]
[WhiteFideId "400513"]
[BlackFideId "1200372"]
[EventDate "2018.12.09"]

1. d4 d6 2. g3 g6 3. Bg2 Bg7 4. Nf3 Nf6 5. O-O O-O 6. c4 Nc6 7. Nc3 Rb8 8. b3 a6
9. Bb2 b5 10. cxb5 axb5 11. d5 Na5 12. a3 c5 13. dxc6 Nxc6 14. b4 Ng4 15. h3
Nge5 16. Nd2 Be6 17. Rc1 Qd7 18. Kh2 Rfc8 19. f4 Nc4 20. Nxc4 Bxc4 21. Re1 h5
22. e3 Rd8 23. Qd2 d5 24. Ne2 Bxb2 25. Qxb2 Ra8 26. Red1 Qe6 27. Rc3 Qf6 28. Nd4
Nxd4 29. Rxd4 h4 30. gxh4 Ra6 31. h5 e5 32. fxe5 Qxe5+ 33. Kh1 Qxh5 34. Qf2 Rda8
35. Qb2 Qe5 36. Qc1 Kg7 37. Rf4 Rf6 38. Rxf6 Qxf6 39. Qd2 Rd8 40. Rc1 d4 41. a4
dxe3 42. Qxe3 Rd3 43. Qc5 Qf4 44. Re1 bxa4 45. b5 a3 46. b6 a2 47. b7 Rb3 0-1

[Event "London Classic Open 2018"]
[Site "London ENG"]
[Date "2018.12.14"]
[Round "6.14"]
[White "Lyell, Mark"]
[Black "Debashis, Das"]
[Result "0-1"]
[WhiteTitle "FM"]
[BlackTitle "GM"]
[WhiteElo "2317"]
[BlackElo "2544"]
[WhiteFideId "402354"]
[BlackFideId "5024854"]
[EventDate "2018.12.09"]

1. e4 d5 2. exd5 Qxd5 3. Nc3 Qd6 4. d4 Nf6 5. Nf3 c6 6. g3 Bf5 7. Bg2 h6 8. O-O
e6 9. Bf4 Qd8 10. Qe2 Be7 11. Rad1 O-O 12. Ne5 Nbd7 13. Bc1 a5 14. g4 Bh7 15. f4
Nd5 16. Ne4 N5f6 17. Nxf6+ Bxf6 18. c4 Be7 19. Kh1 Nxe5 20. dxe5 Qc7 21. Be3
Rfd8 22. Qf2 Rxd1 23. Rxd1 Rd8 24. Rg1 Rd3 25. Bb6 Qd7 26. Bxa5 Rd4 27. Bb6 Rxc4
28. Qf3 Be4 29. Qd1 Bd5 30. Bxd5 cxd5 31. Bd4 Qc6 32. Rf1 Bc5 33. Bxc5 Qxc5 34.
Qf3 Qd4 35. Qf2 Qd3 36. Qf3 Qc2 37. Rf2 Qb1+ 38. Kg2 Qxa2 39. f5 Qa6 40. f6 g6
41. b3 Rc8 42. Qf4 Kh7 43. Qb4 Qd3 44. Rd2 Qe3 45. Qd4 Qxb3 46. Rb2 Qa3 47. Qb6
Qc3 48. Qxb7 Rc7 49. Qb5 Qxe5 50. Rf2 Qe4+ 0-1

[Event "London Classic Open 2018"]
[Site "London ENG"]
[Date "2018.12.14"]
[Round "6.15"]
[White "Turner, Matthew J"]
[Black "Taylor, Adam C"]
[Result "1/2-1/2"]
[WhiteTitle "GM"]
[BlackTitle "FM"]
[WhiteElo "2533"]
[BlackElo "2331"]
[WhiteFideId "402893"]
[BlackFideId "424668"]
[EventDate "2018.12.09"]

1. e4 e5 2. Nf3 Nc6 3. Bb5 Nf6 4. d3 Bc5 5. Bxc6 dxc6 6. Nbd2 O-O 7. Nc4 Nd7 8.
O-O Re8 9. a4 a5 10. Re1 f6 11. c3 Nf8 12. Be3 Bxe3 13. Nxe3 Ng6 14. Qc2 c5 15.
Rad1 Qe7 16. d4 Be6 17. d5 Bc8 18. Nd2 Nh8 19. Ndc4 Nf7 20. Qb3 Nd6 21. f3 Bd7
22. Nxd6 cxd6 23. Qxb7 Reb8 24. Qc7 Kf8 25. Nc4 Bxa4 26. Qxe7+ Kxe7 27. Ra1 Bd7
28. Nxa5 Rxb2 29. Nc6+ Bxc6 30. dxc6 Rbb8 31. Rxa8 Rxa8 32. Rb1 Rc8 33. Rb7+ Kf8
34. Rb6 Ke7 35. Kf2 c4 36. h4 h5 37. g4 g6 38. Ke3 Ke6 39. gxh5 gxh5 40. f4 Rc7
41. f5+ Ke7 42. Ra6 Kd8 43. Ra8+ Rc8 44. Ra7 Rc7 45. Ra8+ Rc8 1/2-1/2

[Event "London Classic Open 2018"]
[Site "London ENG"]
[Date "2018.12.14"]
[Round "6.16"]
[White "Wu, Li"]
[Black "Hector, Jonny"]
[Result "1/2-1/2"]
[BlackTitle "GM"]
[WhiteElo "2317"]
[BlackElo "2501"]
[WhiteFideId "411086"]
[BlackFideId "1700090"]
[EventDate "2018.12.09"]

1. c4 e5 2. g3 c6 3. Nf3 e4 4. Nd4 Bc5 5. Nb3 Be7 6. d3 exd3 7. Qxd3 Nf6 8. Bg2
Na6 9. O-O d5 10. cxd5 Nb4 11. Qd1 Nbxd5 12. e4 Nb4 13. Qxd8+ Bxd8 14. Nc3 Nd3
15. Rd1 Nxc1 16. Raxc1 O-O 17. h3 a5 18. Nc5 Bc7 19. Nd3 Re8 20. Nb5 Bb8 21. e5
cxb5 22. exf6 gxf6 23. Rxc8 Rxc8 24. Bxb7 Ba7 25. Bxa8 Rxa8 26. Nf4 Rc8 27. Rd2
a4 28. Nh5 f5 29. Rd5 Kf8 30. Rxb5 Rc2 31. Rb4 Bxf2+ 32. Kf1 Ke7 33. Rxa4 Rxb2
34. Rf4 Ba7 35. Rxf5 Rxa2 36. Re5+ Kf8 37. Re2 Ra5 38. g4 Ra3 39. Kg2 Bb8 40.
Rf2 Rb3 41. Re2 Ra3 42. Rf2 Rb3 43. Re2 1/2-1/2